The empire of the Great Mogol : (Record no. 26474)
[ view plain ]
| 000 -LEADER | |
|---|---|
| fixed length control field | 01455cam a2200349 i 4500 |
| 001 - CONTROL NUMBER | |
| control field | 26474 |
| 003 - CONTROL NUMBER IDENTIFIER | |
| rucl marc code | BD-RjUL |
| 005 - DATE AND TIME OF LATEST TRANSACTION | |
| control field | 20211209051025.0 |
| 008 - FIXED-LENGTH DATA ELEMENTS--GENERAL INFORMATION | |
| fixed length control field | 140322r19751928xxu||||| |||| 001 0 eng d |
| 035 ## - SYSTEM CONTROL NUMBER | |
| System control number | (BD-RjUL)26544 |
| 040 ## - CATALOGING SOURCE | |
| Original cataloging agency | DLC |
| Transcribing agency | DLC |
| Modifying agency | DLC |
| -- | BD-RjUL |
| Language of cataloging | eng |
| 041 1# - LANGUAGE CODE | |
| Language code of text/sound track or separate title | engfre |
| 082 00 - DEWEY DECIMAL CLASSIFICATION NUMBER | |
| Classification number | 954.025 |
| Author mark and year | LAE 1975 |
| 100 1# - MAIN ENTRY--PERSONAL NAME | |
| Personal name | Laet, Joannes de, |
| Dates associated with a name | 1593-1649. |
| 9 (RLIN) | 81405 |
| 245 14 - TITLE STATEMENT | |
| Title | The empire of the Great Mogol : |
| Remainder of title | a translation of De Laet's Description of India and Fragment of Indian history / |
| Statement of responsibility, etc. | translated by J. S. Hoyland and annotated by S. N. Banerjee. |
| 260 ## - PUBLICATION, DISTRIBUTION, ETC. (IMPRINT) | |
| Place of publication, distribution, etc. | Delhi : |
| Name of publisher, distributor, etc. | Idarah-i Adabiyat-i Delli, |
| Date of publication, distribution, etc. | 1928 [reprinted 1975 ] |
| 300 ## - PHYSICAL DESCRIPTION | |
| Pagination | xiv, 252 p. ; |
| Size | 19 cm. |
| 490 1# - SERIES STATEMENT | |
| Series statement | IAD oriental series ; |
| Volume/sequential designation | no. 32 |
| 500 ## - GENERAL NOTE | |
| General note | Part II has special half title: A fragment of the history of India, gathered from Dutch sources and rendered into Latin by Joannes de Laet (Antwerp, 1631). |
| General note | Reprint of the 1928 ed. published by D. B. Taraporevala, Bombay. |
| 504 ## - BIBLIOGRAPHY, ETC. NOTE | |
| Bibliography, etc | Includes bibliographical references and index. |
| 651 #0 - SUBJECT ADDED ENTRY--GEOGRAPHIC NAME | |
| Geographic name | Mogul Empire. |
| 9 (RLIN) | 81406 |
| Geographic name | India |
| General subdivision | Description and travel |
| -- | Early works to 1800. |
| 9 (RLIN) | 74150 |
| 700 1# - ADDED ENTRY--PERSONAL NAME | |
| Personal name | Hoyland, John S. |
| Fuller form of name | (John Somervell), |
| Dates associated with a name | 1887-1957. |
| Personal name | Banerjee, S. N. |
| 830 #0 - SERIES ADDED ENTRY--UNIFORM TITLE | |
| Volume number/sequential designation | no. 32. |
| 830 #0 - SERIES ADDED ENTRY--UNIFORM TITLE | |
| Uniform title | IAD oriental series ; |
| 942 ## - ADDED ENTRY ELEMENTS (KOHA) | |
| Source of classification or shelving scheme | Dewey Decimal Classification |
| Koha item type | Books |
| Lost status | Source of classification or shelving scheme | Damaged status | Not for loan | Collection code | Permanent Location | Current Location | Shelving location | Date acquired | Source of acquisition | Cost, normal purchase price | Total Checkouts | Full call number | Date last seen | Copy number | Koha item type |
|---|---|---|---|---|---|---|---|---|---|---|---|---|---|---|---|
| Dewey Decimal Classification | Added to bundle | Non-fiction | Central Library, University of Rajshahi | Central Library, University of Rajshahi | Reading Room | 10/05/1980 | K.P. Bangali and calcuta | 35.00 | 954.025 LAE 1975 | 22/03/2014 | C-1 | Books | |||
| Dewey Decimal Classification | Non-fiction | Central Library, University of Rajshahi | Central Library, University of Rajshahi | 04/12/1983 | Tappam-Tulip | 35.00 | 954.025 LAE 1975 | 24/11/2016 | C-2 | Books |